[Event "Florianopolis op 10th"]
[Site "Florianopolis"]
[Date "2024.01.26"]
[Round "8"]
[White "Cerrato, Alex"]
[Black "Pavoni, Felipe Stevanin"]
[Result "1/2-1/2"]
[WhiteElo "1884"]
[BlackElo "1662"]
[PlyCount "44"]
[EventDate "2024.01.20"]
[EventType "swiss"]
[EventRounds "10"]
[EventCountry "BRA"]
[SourceTitle "CB05_2024"]
[SourceDate "2024.01.31"]
[SourceVersion "1"]
[SourceVersionDate "2024.01.31"]
[SourceQuality "1"]

1. d4 Nf6 2. Nc3 c5 3. dxc5 Na6 4. g3 Nxc5 5. Bg2 d6 6. Nf3 e5 7. 0-0 Be7 8. Bg5 Be6 9. Bxf6 Bxf6 10. e4 Qb6 11. Nd5 Bxd5 12. Qxd5 0-0 13. b3 Rac8 14. Nd2 Be7 15. Nc4 Qc6 16. Rfd1 Rfd8 17. a4 Qxd5 18. Rxd5 Ne6 19. c3 Rc6 20. Rad1 f6 21. Na5 Rc7 22. Nc4 Rc6 1/2-1/2

[Event "Florianopolis op 10th"]
[Site "Florianopolis"]
[Date "2024.01.25"]
[Round "7"]
[White "Pavoni, Felipe Stevanin"]
[Black "Garmendia Vega, Gabriel"]
[Result "0-1"]
[WhiteElo "1662"]
[BlackElo "1937"]
[PlyCount "44"]
[EventDate "2024.01.20"]
[EventType "swiss"]
[EventRounds "10"]
[EventCountry "BRA"]
[SourceTitle "CB05_2024"]
[SourceDate "2024.01.31"]
[SourceVersion "1"]
[SourceVersionDate "2024.01.31"]
[SourceQuality "1"]

1. e4 c5 2. Nf3 d6 3. d4 cxd4 4. Nxd4 Nf6 5. Nc3 a6 6. Bc4 e6 7. Bb3 b5 8. Bg5 Be7 9. Qf3 Qc7 10. 0-0-0 0-0 11. g4 Nbd7 12. Bxf6 Bxf6 13. g5 Bxg5+ 14. Kb1 Nc5 15. Rhg1 Qe7 16. h4 Bh6 17. Nc6 Qc7 18. Qf6 Kh8 19. Qe7 Qxe7 20. Nxe7 Bb7 21. Rxd6 Bf4 22. Rd4 Rae8 0-1

[Event "Florianopolis op 10th"]
[Site "Florianopolis"]
[Date "2024.01.23"]
[Round "5"]
[White "Pavoni, Felipe Stevanin"]
[Black "Mantovani, Helio Cardoso"]
[Result "1-0"]
[WhiteElo "1662"]
[BlackElo "1382"]
[PlyCount "89"]
[EventDate "2024.01.20"]
[EventType "swiss"]
[EventRounds "10"]
[EventCountry "BRA"]
[SourceTitle "CB05_2024"]
[SourceDate "2024.01.31"]
[SourceVersion "1"]
[SourceVersionDate "2024.01.31"]
[SourceQuality "1"]

1. e4 e5 2. Nf3 Nc6 3. Bc4 Bc5 4. b4 Bb6 5. a4 a6 6. a5 Ba7 7. 0-0 Nf6 8. d3 d6 9. c3 Be6 10. Nbd2 d5 11. Bb3 0-0 12. Ba3 Re8 13. Ng5 b5 14. h3 Rc8 15. Nxe6 fxe6 16. Qe2 Ne7 17. Nf3 Ng6 18. Bc1 c6 19. h4 h6 20. g3 Qe7 21. Kg2 c5 22. h5 dxe4 23. dxe4 c4 24. Bc2 Nxh5 25. Nxe5 Nxe5 26. Qxh5 Nd3 27. Qg6 Qf7 28. Qxf7+ Kxf7 29. f4 Rf8 30. Kf3 Ke7 31. Be3 Bxe3 32. Kxe3 Rcd8 33. Rfd1 e5 34. Bxd3 cxd3 35. f5 Kf6 36. Rxd3 Rxd3+ 37. Kxd3 Rd8+ 38. Ke2 Rc8 39. Kd3 Rc4 40. Re1 Kg5 41. Rf1 Rc6 42. Rf3 Rc4 43. Rf2 Rc6 44. Rf1 Kg4 45. Kc2 1-0

[Event "Florianopolis op 9th"]
[Site "Florianopolis"]
[Date "2023.01.27"]
[Round "7"]
[White "Pavoni, Felipe Stevanin"]
[Black "Rodriguez Farias, Eduardo"]
[Result "0-1"]
[WhiteElo "1674"]
[BlackElo "1919"]
[PlyCount "170"]
[EventDate "2023.01.23"]
[EventType "swiss"]
[EventRounds "10"]
[EventCountry "BRA"]
[SourceTitle "CBM 212 Extra"]
[Source "ChessBase"]
[SourceDate "2023.03.31"]
[SourceVersion "1"]
[SourceVersionDate "2023.03.31"]
[SourceQuality "1"]

1. e4 a6 2. Nf3 c5 3. d4 cxd4 4. Nxd4 Nf6 5. Nc3 e5 6. Nde2 Bc5 7. Ng3 Qb6 8. Qf3 Nc6 9. Nf5 0-0 10. Qg3 Nh5 11. Qh4 g6 12. Nh6+ Kg7 13. Be2 Be7 14. Nf5+ gxf5 15. Qxh5 Nd4 16. Nd5 Qd8 17. Bh6+ Kg8 18. exf5 Kh8 19. Nxe7 Qxe7 20. Bxf8 Qxf8 21. 0-0-0 d5 22. Bd3 f6 23. c3 Nc6 24. Bc2 d4 25. Rd3 Bd7 26. g4 Qg7 27. Kb1 e4 28. Rxd4 Nxd4 29. cxd4 Bc6 30. Re1 Qc7 31. Qh6 Re8 32. h4 Rg8 33. f3 Qd6 34. Bb3 Rg7 35. fxe4 Qg3 36. Rd1 Bxe4+ 37. Ka1 Qxg4 38. Qxf6 Bd5 39. Qd8+ Bg8 40. f6 Rd7 41. Qxg8+ Qxg8 42. Bxg8 Kxg8 43. Re1 Kf8 44. Re4 Rd6 45. Rf4 Kf7 46. Kb1 Rc6 47. a3 b6 48. b3 Rc3 49. Kb2 Rd3 50. Kc2 Re3 51. b4 Rxa3 52. Kd2 a5 53. bxa5 Rxa5 54. Kd3 Ra1 55. d5 Ra3+ 56. Kc2 Ra2+ 57. Kb3 Rd2 58. Rf5 Rd4 59. h5 b5 60. Kc3 Rc4+ 61. Kb3 Rd4 62. Kc3 Rc4+ 63. Kd3 Rc8 64. Kd4 b4 65. Ke5 b3 66. Rf1 Re8+ 67. Kd6 Rd8+ 68. Kc6 Rc8+ 69. Kb7 Rd8 70. Kc6 Rc8+ 71. Kd7 Rc2 72. Rb1 b2 73. d6 h6 74. Kd8 Rd2 75. d7 Rc2 76. Rxb2 Rxb2 77. Kc8 Rc2+ 78. Kb8 Rd2 79. Kc8 Kxf6 80. d8Q+ Rxd8+ 81. Kxd8 Kg5 82. Ke7 Kxh5 83. Ke6 Kg4 84. Ke5 Kg3 85. Ke4 h5 0-1

[Event "Florianopolis op 9th"]
[Site "Florianopolis"]
[Date "2023.01.25"]
[Round "4"]
[White "Pavoni, Felipe Stevanin"]
[Black "Carvalho, Celestino Jr"]
[Result "1/2-1/2"]
[WhiteElo "1674"]
[BlackElo "1953"]
[PlyCount "76"]
[EventDate "2023.01.23"]
[EventType "swiss"]
[EventRounds "10"]
[EventCountry "BRA"]
[SourceTitle "CBM 212 Extra"]
[Source "ChessBase"]
[SourceDate "2023.03.31"]
[SourceVersion "1"]
[SourceVersionDate "2023.03.31"]
[SourceQuality "1"]

1. e4 d5 2. exd5 Qxd5 3. Nc3 Qa5 4. d4 c6 5. Bc4 Nf6 6. Nge2 Bg4 7. f3 Bh5 8. 0-0 e6 9. Ng3 Bg6 10. Qe2 Nbd7 11. f4 0-0-0 12. Bb3 Bd6 13. Bd2 Qc7 14. Rf3 Nh5 15. Nb5 Nxg3 16. Rxg3 Qb8 17. Nxd6+ Qxd6 18. d5 cxd5 19. Qf2 Kb8 20. Re1 Ka8 21. Be3 a6 22. c4 Be4 23. Qd2 b6 24. Rxg7 Rhg8 25. Rxg8 Rxg8 26. g3 Nc5 27. Bc2 Bxc2 28. Qxc2 Ne4 29. cxd5 exd5 30. Rd1 f5 31. Qb3 Rd8 32. Qxb6 Qxb6 33. Bxb6 Rd6 34. Bd4 Kb7 35. Be5 Rd8 36. Kg2 Rd7 37. Kf3 h5 38. a3 Kc6 1/2-1/2

[Event "Florianopolis op 9th"]
[Site "Florianopolis"]
[Date "2023.01.23"]
[Round "1"]
[White "Fier, Alexandr"]
[Black "Pavoni, Felipe Stevanin"]
[Result "1-0"]
[WhiteElo "2602"]
[BlackElo "1674"]
[PlyCount "43"]
[EventDate "2023.01.23"]
[EventType "swiss"]
[EventRounds "10"]
[EventCountry "BRA"]
[SourceTitle "CBM 212 Extra"]
[Source "ChessBase"]
[SourceDate "2023.03.31"]
[SourceVersion "1"]
[SourceVersionDate "2023.03.31"]
[SourceQuality "1"]

1. e4 c5 2. c3 Nf6 3. e5 Nd5 4. Nf3 Nc6 5. Bc4 e6 6. 0-0 Nb6 7. Bb3 d5 8. d4 Bd7 9. Be3 cxd4 10. cxd4 Nc4 11. Bxc4 dxc4 12. Nc3 Nb4 13. Nd2 Rc8 14. f4 Nd5 15. Nxd5 exd5 16. f5 g6 17. e6 fxe6 18. fxg6 hxg6 19. Qg4 g5 20. Bxg5 e5 21. Qg3 Qb6 22. Qxe5+ 1-0

[Event "Florianopolis Winter op 6th"]
[Site "Florianopolis"]
[Date "2022.07.16"]
[Round "7"]
[White "Furtado, Tiago Cicotti"]
[Black "Pavoni, Felipe Stevanin"]
[Result "0-1"]
[WhiteElo "1562"]
[BlackElo "1814"]
[PlyCount "50"]
[EventDate "2022.07.13"]
[EventType "swiss"]
[EventRounds "9"]
[EventCountry "BRA"]
[SourceTitle "CBM 209 Extra"]
[Source "ChessBase"]
[SourceDate "2022.09.30"]
[SourceVersion "1"]
[SourceVersionDate "2022.09.30"]
[SourceQuality "1"]

1. e4 c5 2. Nc3 d6 3. f4 Nc6 4. Nf3 Nf6 5. Bb5 Bd7 6. 0-0 a6 7. Bxc6 Bxc6 8. d3 e6 9. Qe1 Be7 10. e5 Nd5 11. f5 exf5 12. e6 0-0 13. Bd2 Bf6 14. exf7+ Rxf7 15. Qe6 Qd7 16. Rae1 Nxc3 17. bxc3 Re8 18. Qb3 d5 19. Rxe8+ Qxe8 20. Qb6 c4 21. Nd4 Bxd4+ 22. Qxd4 Qe2 23. dxc4 dxc4 24. Qd8+ Rf8 25. Qg5 h6 0-1